Dinner with Mugabe (Record no. 66893)
[ view plain ]
| 000 -LEADER | |
|---|---|
| fixed length control field | 00587nam a2200217Ia 4500 |
| 003 - CONTROL NUMBER IDENTIFIER | |
| control field | 0100 |
| 005 - DATE AND TIME OF LATEST TRANSACTION | |
| control field | 20181106113823.0 |
| 008 - FIXED-LENGTH DATA ELEMENTS--GENERAL INFORMATION | |
| fixed length control field | 130303s9999 xx 000 0 und d |
| 040 ## - CATALOGING SOURCE | |
| Transcribing agency | ARRUPELIB |
| 050 ## - LIBRARY OF CONGRESS CALL NUMBER | |
| Classification number | DT3006.H65 2008 |
| 300 ## - PHYSICAL DESCRIPTION | |
| Other physical details | 22cm |
| 100 ## - MAIN ENTRY--PERSONAL NAME | |
| Personal name | Holland, Heidi |
| 9 (RLIN) | 43276 |
| 245 ## - TITLE STATEMENT | |
| Title | Dinner with Mugabe |
| Remainder of title | the untold story of a freedom fighter who became a tyrant |
| 260 ## - PUBLICATION, DISTRIBUTION, ETC. (IMPRINT) | |
| Name of publisher, distributor, etc | Penguin |
| Place of publication, distribution, etc | Johannesburg |
| Date of publication, distribution, etc | 2008 |
| 300 ## - PHYSICAL DESCRIPTION | |
| Extent | 250p. |
| 942 ## - ADDED ENTRY ELEMENTS (KOHA) | |
| Source of classification or shelving scheme | Library of Congress Classification |
| Koha item type | Monograph ( Printed materials) |
| Withdrawn status | Lost status | Source of classification or shelving scheme | Damaged status | Not for loan | Collection code | Home library | Current library | Shelving location | Date acquired | Total Checkouts | Full call number | Barcode | Date last seen | Date checked out | Copy number | Price effective from | Koha item type |
|---|---|---|---|---|---|---|---|---|---|---|---|---|---|---|---|---|---|
| Library of Congress Classification | Main Collection | ARRUPE LIBRARY | ARRUPE LIBRARY | Main Collection | 05/03/2013 | 6 | DT3006.H65 2008 | 46600002464 | 27/05/2022 | 11/04/2019 | 1 | 05/03/2013 | Monograph ( Printed materials) |